[Event "AUT-ch (Women)"]
[Site "Hartberg"]
[Date "2003.08.02"]
[Round "5"]
[White "Klinkan, Elisabeth"]
[Black "Ragger, Anna Christina"]
[Result "1/2-1/2"]
[WhiteElo "1891"]
[BlackElo "2117"]
[PlyCount "116"]
[EventDate "2003.07.29"]
[EventType "tourn"]
[EventRounds "13"]
[EventCountry "AUT"]
[SourceTitle "CBM 095 Extra"]
[Source "ChessBase"]
[SourceDate "2003.09.04"]
[SourceVersion "1"]
[SourceVersionDate "2003.09.04"]
[SourceQuality "1"]

1. d4 d5 2. Nf3 Bg4 3. Nbd2 Nf6 4. g3 e6 5. Bg2 c6 6. 0-0 Bd6 7. Re1 Bf5 8. c4 0-0 9. Nh4 Bg6 10. Qb3 Qb6 11. Qxb6 axb6 12. Nxg6 hxg6 13. a3 Nbd7 14. e4 dxe4 15. Nxe4 Nxe4 16. Bxe4 Nf6 17. Bg2 Rfd8 18. Bg5 Be7 19. Rad1 Rd7 20. Bf3 Rad8 21. Be3 b5 22. cxb5 cxb5 23. Rd3 b4 24. Rb3 Nd5 25. Bd2 bxa3 26. bxa3 Ra8 27. Bc1 Bf6 28. Bb2 Ra4 29. Rd1 Kf8 30. Be2 Rc7 31. Bb5 Ra8 32. a4 b6 33. Kf1 Rac8 34. Bd3 Ra7 35. Ra1 Rca8 36. Bb5 Rc7 37. Bd3 Rca7 38. Bb5 Ne7 39. Rc1 Nf5 40. Bc6 Rb8 41. Ba3+ Kg8 42. Bc5 Bxd4 43. Bxd4 Nxd4 44. Rb4 e5 45. Be4 b5 46. axb5 Rxb5 47. Rxb5 Nxb5 48. Rc5 Nd6 49. Rxe5 Ra1+ 50. Ke2 Ra2+ 51. Kf1 Ra1+ 52. Ke2 Kf8 53. Bd3 Ra7 54. Kf1 Ne8 55. h4 Nf6 56. Kg2 Re7 57. Ra5 Rd7 58. Ra3 Ke7 1/2-1/2

[Event "AUT-ch (Women)"]
[Site "Hartberg"]
[Date "2003.08.01"]
[Round "4"]
[White "Mira, Helene"]
[Black "Klinkan, Elisabeth"]
[Result "1-0"]
[WhiteElo "2126"]
[BlackElo "1891"]
[PlyCount "61"]
[EventDate "2003.07.29"]
[EventType "tourn"]
[EventRounds "13"]
[EventCountry "AUT"]
[SourceTitle "CBM 095 Extra"]
[Source "ChessBase"]
[SourceDate "2003.09.04"]
[SourceVersion "1"]
[SourceVersionDate "2003.09.04"]
[SourceQuality "1"]

1. Nf3 d5 2. d4 Nf6 3. c4 dxc4 4. e3 e6 5. Bxc4 Be7 6. 0-0 0-0 7. Nc3 c6 8. e4 Nbd7 9. e5 Nd5 10. Ne4 c5 11. Bg5 cxd4 12. Qxd4 Nxe5 13. Qxe5 f6 14. Qg3 fxg5 15. Nfxg5 Rf5 16. Nf3 Qf8 17. Nd4 Rf4 18. Rae1 Kh8 19. Qb3 Nc7 20. g3 Rg4 21. Nxe6 Nxe6 22. Bxe6 Bxe6 23. Qxe6 Rg6 24. Qd7 b6 25. Re3 h6 26. Rc1 Kh7 27. Rc7 Bf6 28. Rf3 Rd8 29. Qf5 Rd1+ 30. Kg2 Qd8 31. Nxf6+ 1-0

[Event "AUT-ch (Women)"]
[Site "Hartberg"]
[Date "2003.07.30"]
[Round "2"]
[White "Schwaninger, Ulrike"]
[Black "Klinkan, Elisabeth"]
[Result "0-1"]
[WhiteElo "2045"]
[BlackElo "1891"]
[PlyCount "72"]
[EventDate "2003.07.29"]
[EventType "tourn"]
[EventRounds "13"]
[EventCountry "AUT"]
[SourceTitle "CBM 095 Extra"]
[Source "ChessBase"]
[SourceDate "2003.09.04"]
[SourceVersion "1"]
[SourceVersionDate "2003.09.04"]
[SourceQuality "1"]

1. c4 c5 2. Nc3 Nf6 3. Nf3 e6 4. d4 cxd4 5. Nxd4 a6 6. g3 Be7 7. Bg2 0-0 8. 0-0 d6 9. b4 Nbd7 10. Nb3 Qc7 11. Ba3 d5 12. c5 Ne5 13. Nd2 Bd7 14. Rc1 Rac8 15. Na4 Bc6 16. Nb6 Rcd8 17. Bb2 Ned7 18. Nxd7 Nxd7 19. Nf3 b6 20. cxb6 Qxb6 21. Qd4 Qxd4 22. Bxd4 Bb5 23. Rc2 Bxb4 24. Rfc1 Bc4 25. Rxc4 dxc4 26. Rxc4 a5 27. Rc7 Nf6 28. h3 Nd5 29. Ra7 Nc3 30. Bxc3 Bxc3 31. a4 Rd1+ 32. Kh2 Ra1 33. Rc7 Bb4 34. Nd4 Rxa4 35. Nc6 Ra2 36. Rb7 Rxe2 0-1

[Event "AUT-ch U18 Girls"]
[Site "Zwettl"]
[Date "2003.??.??"]
[Round "2"]
[White "Klinkan, Elisabeth"]
[Black "Bildstein, Tania"]
[Result "0-1"]
[WhiteElo "1865"]
[BlackElo "1650"]
[PlyCount "66"]
[EventDate "2003.??.??"]
[EventType "tourn"]
[EventRounds "5"]
[EventCountry "AUT"]
[SourceTitle "EXT 2007"]
[Source "ChessBase"]
[SourceDate "2006.11.23"]
[SourceVersion "1"]
[SourceVersionDate "2006.11.23"]
[SourceQuality "1"]

1. d4 Nf6 2. c4 g6 3. Nc3 Bg7 4. e4 d6 5. f3 0-0 6. Bd3 e5 7. d5 Nbd7 8. Nge2 a5 9. Be3 Ne8 10. 0-0 f5 11. Rc1 f4 12. Bf2 g5 13. Na4 h5 14. Nec3 Ndf6 15. c5 g4 16. Nb5 gxf3 17. gxf3 Bh3 18. Re1 Nxe4 19. Bxe4 Qg5+ 20. Bg3 fxg3 21. Qe2 Nf6 22. Nac3 h4 23. Nxc7 gxh2+ 24. Kh1 Nh5 25. Qf2 Qf4 26. Ne2 Qxe4 27. Nxa8 Rxf3 28. Nc3 Ng3+ 29. Qxg3 Rf1+ 30. Kxh2 hxg3+ 31. Kxh3 Qh1+ 32. Kxg3 Qg1+ 33. Kh3 Rf3+ 0-1